000 00666cam a2200253 4500
008 #DATE n2008 000 0 eng u
020 _a0414015010
035 _a(Sirsi) u126183
041 _aeng
050 _a630.0269411
100 _aGill, Brian
245 _aLaw of agricultural holdings in Scotland
250 _a4th
260 _aEdinburgh
_bW. Green/Sweet & Maxwell
_c2008
350 _a180
520 _aDue to be published December 2008
650 _aAGRICULTURAL HOLDINGS (SCOTLAND) ACT 1991
650 _aAGRICULTURAL HOLDINGS
650 _aLAW
650 _aSCOTLAND
650 _aSCOTS LAW
690 _aRURAL PRACTICE
942 _n0
999 _c103581
_d103581